000 00656nam a2200253Ia 4500
005 20250425161758.0
008 250425s9999 xx 000 0 und d
020 _a9701003098
041 _aspa
082 _a658
245 0 _aINICIACION A LA PLANEACION Y EL CONTROL DE LA PRODUCCION
250 _a1A ED.
260 _aMEXICO
260 _aMéxico
_bMCGRAW-HILL
_c1993
500 _aSERIE MCGRAW-HILL "INICIACION A LA ADMINISTRACION".
650 _aADMINISTRACION
650 _aCONTROL
650 _aEMPRESAS
650 _aPLANEACION
650 _aPRODUCCION
700 _aEUGENIA OLSON J.
_etraductor
942 _c01
010 _a28680
999 _c215948
_d215948